| Поле | Инд. | ПП | Название | Значение |
|---|---|---|---|---|
| Тип записи | a | |||
| Библиографический уровень | b | |||
| 001 | Контрольный номер | RU/IS/BASE/323366283 | ||
| 005 | Дата корректировки | 20200529173558.5 | ||
| 008 | Кодируемые данные | 20100331 | ||
| 040 | b | Код языка каталог. | rus | |
| e | Правила каталог. | PSBO | ||
| 041 | 0_ | a | Код языка текста | rus |
| 084 | a | Индекс другой классификации/Индекс ББК | 83.3(2=411.2)5-003.3 | |
| 100 | 1_ | a | Автор | Балуев С. М. |
| 245 | 10 | a | Заглавие | Дмитрий Щеглов - "вдохновитель" "Библиотеки для чтения" |
| b | Продолж. заглавия | (1862 - начало 1863 года) | ||
| 504 | a | Библиография | Библиогр. ссылки и примеч. | |
| 600 | a | Персоналии | Щеглов Дмитрий Федорович | |
| a | Персоналии | Писемский Алексей Феофилактович | ||
| 650 | a | Основная рубрика | история литературы | |
| a | Основная рубрика | литературоведение | ||
| a | Основная рубрика | филологические науки | ||
| 653 | a | Ключевые слова | "Библиотека для чтения" (журнал) | |
| a | Ключевые слова | XIX век | ||
| a | Ключевые слова | общественно-политическая жизнь | ||
| a | Ключевые слова | периодические издания | ||
| a | Ключевые слова | Россия | ||
| 773 | 08 | t | Заглавие источника | Филологические науки |
| d | Дата издания источника | 2009 | ||
| g | Прочая информация | № 2. - С. 30 - 36 | ||
| w | Контрольный № источника | RU/IS/BASE/293108061 | ||
| 901 | t | Тип документа | b |